Statistics for Most Successful NHL Franchises

Click here to take the quiz!

General Stats

  • This quiz has been taken 128 times
  • The average score is 13 of 15

Answer Stats

PointsFranchise% Correct
7,732Montreal Canadiens
99%
6,699Toronto Maple Leafs
99%
7,184Boston Bruins
97%
6,400Chicago Blackhawks
95%
6,815Detroit Red Wings
95%
6,510New York Rangers
95%
4,077Pittsburgh Penguins
91%
4,569Philadelphia Flyers
87%
3,635New York Islanders
86%
3,913Los Angeles Kings
82%
4,201St. Louis Blues
80%
3,818Calgary Flames
78%
4,070Dallas Stars
76%
3,639Vancouver Canucks
72%
4,005Buffalo Sabres
65%

Score Distribution

Percentile by Number Answered

Percent of People with Each Score

Your Score History

You have not taken this quiz